000 00555nam a22001937a 4500
999 _c17803
_d17803
003 AR-CdUCM
008 190509b ||||| |||| 00| 0 spa d
040 _aMUNICIPALIDAD PROVINCIAL DEL CUSCO
_cBIBLIOTECA MUNICIPAL DEL CUSCO
082 _a869.56 /
_bS38
100 _aSenen Codina, Luis
_937982
245 _aFelipillo :
_bNovela /
260 _aLima :
_bCentenario,
300 _a196 páginas ;
_c18 cm.
505 _aContenido : Felipillo ...
650 _aNovela.
_95
650 _aSiglo XX.
_98
942 _2ddc
_cLIBROS
945 _arum
_d2019-05-09